| 000 | 00000nam##2200000za#4500 |
| 001 | 9.683977 |
| 003 | CaOODSP |
| 005 | 20210615133916 |
| 007 | ta |
| 008 | 150407|2007||||xxc||||| f|0| 0 fre|d |
| 020 | |a978-0-662-07299-7 |
| 040 | |aCaOODSP|bfre |
| 043 | |an-cn--- |
| 086 | 1 |aT29-27/2007F |
| 110 | 1 |aCanada.|bTransports Canada. |bSécurité maritime. |
| 245 | 10|aGuide d'application du règlement sur le contrôle et la gestion de l'eau de ballast du Canada |
| 246 | 1 |iTitre de renvoi : |aLignes directrices visant le contrôle des rejets des eaux de lest des navires dans les eaux de compétence canadienne |
| 250 | |a7e éd., 19 novembre 2007 |
| 260 | |aOttawa - Ontario : |bTransports Canada. |cc2000, rév. 19 novembre 2007. |
| 300 | |a43p. : |bfigures, carte, tableaux ; |c28 cm. |
| 500 | |aVariante de titre : "Lignes directrices visant le contrôle des rejets des eaux de lest des navires dans les eaux de compétence canadienne". |
| 520 | 3 |aA pour but de fournir des renseignements sur l’application. |
| 563 | |aPolycopié |
| 590 | |a08-32|b2008-08-08 |
| 691 | 07|aDroit maritime|2gcpds |
| 775 | 08|tA guide to Canada's ballast water control and management regulations |w(CaOODSP)9.650909 |
| 776 | 0#|tGuide d'application du règlement sur le contrôle et la gestion de l'eau de ballast du Canada |w(CaOODSP)9.635696 |
| 986 | |aTP 13617F |